<?xml version="1.0" encoding="UTF-8"?><?xml-stylesheet type="text/xsl" href="static/style.xsl"?><OAI-PMH xmlns="http://www.openarchives.org/OAI/2.0/" xmlns:xsi="http://www.w3.org/2001/XMLSchema-instance" xsi:schemaLocation="http://www.openarchives.org/OAI/2.0/ http://www.openarchives.org/OAI/2.0/OAI-PMH.xsd"><responseDate>2026-04-17T13:52:53Z</responseDate><request verb="GetRecord" identifier="oai:riubu.ubu.es:10259/5184" metadataPrefix="marc">https://riubu.ubu.es/oai/request</request><GetRecord><record><header><identifier>oai:riubu.ubu.es:10259/5184</identifier><datestamp>2024-07-16T10:22:34Z</datestamp><setSpec>com_10259_9391</setSpec><setSpec>com_10259_5087</setSpec><setSpec>com_10259_2728</setSpec><setSpec>col_10259_9392</setSpec></header><metadata><record xmlns="http://www.loc.gov/MARC21/slim" xmlns:doc="http://www.lyncode.com/xoai" xmlns:xsi="http://www.w3.org/2001/XMLSchema-instance" xmlns:dcterms="http://purl.org/dc/terms/" xsi:schemaLocation="http://www.loc.gov/MARC21/slim http://www.loc.gov/standards/marcxml/schema/MARC21slim.xsd">
<leader>00925njm 22002777a 4500</leader>
<datafield tag="042" ind1=" " ind2=" ">
<subfield code="a">dc</subfield>
</datafield>
<datafield tag="720" ind1=" " ind2=" ">
<subfield code="a">Frías Mediavilla, Jorge</subfield>
<subfield code="e">author</subfield>
</datafield>
<datafield tag="520" ind1=" " ind2=" ">
<subfield code="a">Los teléfonos móviles inteligentes “smartphones” se han convertido en una herramienta fundamental, pasando de ser instrumentos básicos de comunicación a dispositivos que nos facilitan la vida. En este sentido, las aplicaciones móviles (APPS), han adquirido un papel elemental, permitiéndonos realizar todo tipo de tareas y transacciones en nuestro día a día. Es por ello por lo que el presente trabajo se centrará en analizar de forma descriptiva los usos que dan los consumidores jóvenes burgaleses con edades comprendidas entre los 18 y 24 años a las APPS nativas, haciendo hincapié en las APPS que incorporan una funcionalidad de compra, así como a la percepción que tienen estos individuos sobre la irrupción de las nuevas aplicaciones web progresivas. Para la consecución de los objetivos, se realizará una investigación a partir de fuentes secundarias y primarias de información.</subfield>
</datafield>
<datafield tag="520" ind1=" " ind2=" ">
<subfield code="a">The smart cell phones “smartphones” have become a key tool, moving from being basic communication tools to devices that make ease our life. In this sense, the mobile APPS, which allow us to do any everyday task and transaction, have acquired a key role. This is the reason why this paper will focus on a descriptive analysis of burgaleses (inhabitants of Burgos, Spain) young users, aged from 18 to 24 years, of the native APPS. With an emphasis on the APPS which integrate a purchasing functionality, as well as on these people’s perception of the new progressive web applications’ irruption. To achieve these objectives, we will conduct a research using secondary sources and primary sources of information.</subfield>
</datafield>
<datafield tag="024" ind2=" " ind1="8">
<subfield code="a">http://hdl.handle.net/10259/5184</subfield>
</datafield>
<datafield ind1=" " ind2=" " tag="653">
<subfield code="a">Comercio móvil</subfield>
</datafield>
<datafield ind1=" " ind2=" " tag="653">
<subfield code="a">Compra online</subfield>
</datafield>
<datafield ind1=" " ind2=" " tag="653">
<subfield code="a">Jóvenes</subfield>
</datafield>
<datafield ind1=" " ind2=" " tag="653">
<subfield code="a">Smartphone</subfield>
</datafield>
<datafield ind1=" " ind2=" " tag="653">
<subfield code="a">Aplicaciones móviles (APPS)</subfield>
</datafield>
<datafield ind1=" " ind2=" " tag="653">
<subfield code="a">Mobile commerce</subfield>
</datafield>
<datafield ind1=" " ind2=" " tag="653">
<subfield code="a">Online purchase</subfield>
</datafield>
<datafield ind1=" " ind2=" " tag="653">
<subfield code="a">Young</subfield>
</datafield>
<datafield ind1=" " ind2=" " tag="653">
<subfield code="a">Smartphone</subfield>
</datafield>
<datafield ind1=" " ind2=" " tag="653">
<subfield code="a">Mobile applications (APPS)</subfield>
</datafield>
<datafield tag="245" ind1="0" ind2="0">
<subfield code="a">Las aplicaciones móviles y el comportamiento del consumidor joven burgalés</subfield>
</datafield>
</record></metadata></record></GetRecord></OAI-PMH>